| 000 | 01035nam0a22002411 4500 | ||
|---|---|---|---|
| 001 | rc\811331 | ||
| 005 | 20041129091135.0 | ||
| 035 | _a(NLR Aleph) 005994664 | ||
| 090 |
_a7164587 _c7164587 |
||
| 100 | _a20041129d1984 u |0rusy50 ca | ||
| 101 | 0 | _arus | |
| 102 | _aRU | ||
| 105 | _ay ||||||||| | ||
| 200 | 1 |
_aСодержание, направления и формы работы учебного сектора комитета комсомола школы _eМетод. рекомендации _fМоск. гор. дворец. пионеров и школьников _g[Сост. Кульпетдинова М.Е., к. п. н.] |
|
| 210 |
_aМ. _cМНДПиШ _d1984 |
||
| 215 |
_a[1], 21 с. _d21 |
||
| 702 | 1 |
_aКульпетдинова _bМ. Е. _gМарлена Евгеньевна _4220 |
|
| 712 | 0 | 2 |
_aМосковский гор. дворец пионеров и школьников _3RU\NLR\AUTH\889934010 |
| 801 | 0 |
_aRU _bNLR _gpsbo |
|
| 801 | 1 |
_aRU _bELAR _2rusmarc |
|
| 852 |
_aNLR _j85-4/6985 |
||
| 942 | _cBOOK | ||
| 980 | _aNB | ||